Greek myths / (Record no. 8426)
[ view plain ]
| 000 -LEADER | |
|---|---|
| fixed length control field | 00816nam a22002417a 4500 |
| 001 - CONTROL NUMBER | |
| control field | 8426 |
| 003 - CONTROL NUMBER IDENTIFIER | |
| control field | FISKH |
| 005 - DATE AND TIME OF LATEST TRANSACTION | |
| control field | 20260115162017.0 |
| 008 - FIXED-LENGTH DATA ELEMENTS--GENERAL INFORMATION | |
| fixed length control field | 250911b cb ||||| |||| 00| 0 eng d |
| 020 ## - INTERNATIONAL STANDARD BOOK NUMBER | |
| International Standard Book Number | 9781406303476 |
| 040 ## - CATALOGING SOURCE | |
| Original cataloging agency | FISKH |
| Language of cataloging | eng |
| Transcribing agency | FISKH |
| Modifying agency | FISKH |
| 050 ## - LIBRARY OF CONGRESS CALL NUMBER | |
| Classification number | BL782 .W56 |
| 082 ## - DEWEY DECIMAL CLASSIFICATION NUMBER | |
| Classification number | 398.2 |
| 100 ## - MAIN ENTRY--PERSONAL NAME | |
| Personal name | Williams, Marcia |
| 245 ## - TITLE STATEMENT | |
| Title | Greek myths / |
| Statement of responsibility, etc. | Retold and illutrated by Marcia Williams |
| 250 ## - EDITION STATEMENT | |
| Edition statement | First published 1991 |
| 260 ## - PUBLICATION, DISTRIBUTION, ETC. | |
| Place of publication, distribution, etc. | London : |
| Name of publisher, distributor, etc. | Walker Books , |
| Date of publication, distribution, etc. | 1991. |
| 300 ## - PHYSICAL DESCRIPTION | |
| Extent | 40 unnumbered pages : |
| Other physical details | color illustrations ; |
| Dimensions | 31 cm . |
| 520 ## - SUMMARY, ETC. | |
| Summary, etc. | Retells eight Greek myths in a comic strip format, including "Pandora's Box," "The Twelve Tasks of Heracles," and "Theseus and the Minotaur."<br/> |
| 650 ## - SUBJECT ADDED ENTRY--TOPICAL TERM | |
| Topical term or geographic name entry element | Myths and legends |
| Form subdivision | Picture Books |
| 942 ## - ADDED ENTRY ELEMENTS (KOHA) | |
| Source of classification or shelving scheme | Dewey Decimal Classification |
| Koha item type | Books |
| Suppress in OPAC | No |
| Withdrawn status | Lost status | Source of classification or shelving scheme | Damaged status | Not for loan | Collection | Home library | Current library | Shelving location | Date acquired | Total Checkouts | Full call number | Barcode | Date last seen | Copy number | Price effective from | Koha item type |
|---|---|---|---|---|---|---|---|---|---|---|---|---|---|---|---|---|
| Dewey Decimal Classification | Fiction | Footprints International School Library Network Toul Tom Poung Campus | Footprints International School Library Network Toul Tom Poung Campus | TTP Comic Books all Levels | 09/11/2025 | WIL 398.2 BL782 .W56 | FISBK073160 | 09/11/2025 | 1 | 09/11/2025 | Books | |||||
| Dewey Decimal Classification | Fiction | Footprints International School Library Network Toul Tom Poung Campus | Footprints International School Library Network Toul Tom Poung Campus | TTP Comic Books all Levels | 01/15/2026 | WIL 398.2 BL782 .W56 | 2026-0053 | 01/15/2026 | 2 | 01/15/2026 | Books |
